|
|
|
|
| LEADER |
00974nam a22002657a 4500 |
| 001 |
31945 |
| 003 |
BD-DhAAL |
| 005 |
20180312103237.0 |
| 008 |
171211t2011 ru a|||| |||| 00| 0 rus d |
| 999 |
|
|
|c 38825
|d 38825
|
| 020 |
|
|
|a 9785779304214
|
| 040 |
|
|
|a BD-DhAAL
|
| 082 |
|
|
|a 947
|2 22
|
| 100 |
|
|
|a Klientov, A.
|9 24253
|
| 245 |
|
|
|a Goroda Rossii /
|c A. Klientov
|
| 260 |
|
|
|a Moskva :
|b Belyĭ gorod,
|c 2011
|
| 300 |
|
|
|a 47 pages :
|b illustrations ;
|c 27 cm.
|
| 490 |
|
|
|a Istorii︠a︡ Rossii
|
| 526 |
|
|
|a AAL
|
| 541 |
|
|
|a Complementary copy
|e 31945
|
| 650 |
|
|
|a Cities and towns
|z Russia (Federation)
|9 24254
|v Juvenile literature.
|
| 651 |
|
|
|a Russia (Federation)
|x History, Local
|v Juvenile literature.
|9 25072
|
| 852 |
|
|
|a Ayesha Abed Library
|c General Stacks
|
| 942 |
|
|
|2 ddc
|c BK
|
| 952 |
|
|
|0 0
|1 0
|2 ddc
|4 0
|6 947_000000000000000_KLI
|7 0
|9 62291
|a BRACUL
|b BRACUL
|c GEN
|d 2017-12-11
|e Complementary copy from BIL
|l 1
|m 4
|o 947 KLI
|p 3010031945
|r 2023-06-11
|s 2023-05-08
|t 1
|w 2017-12-11
|y BK
|